000 00927nam a22003017a 4500
003 CHAP
005 20220329135341.0
008 971013s1947 r 00010 d
010 _a34866
011 _a35838
035 _a39955
040 _cCHAP
082 _a630.71
_bE5
110 _aENA
_936669
245 _aPlanes de estudio de la carrera de ingeniero agrónomo
260 _aMéxico :
_bENA,
_c1947
300 _a333 p.
590 _aBATCH-UPD
_b10
_c20130110
_lUCH01
_h1936
590 _aBATCH-UPD
_b10
_c20130410
_lUCH01
_h1300
590 _aBATCH-UPD
_b10
_c20130914
_lUCH01
_h1240
590 _aCONVERSION
_b10
_c20130109
_lUCH01
_h1320
650 1 4 _aEducación agrícola
_zMéxico.
_935552
650 1 4 _aEscuelas agrícolas
_xMéxico.
_937645
901 _aBK
942 _cLIBRO
949 _a630.71 E5
_bBC
_cC
_d-91248
_eC
_fc.2
_h19881
_i39955
_mD
_si
949 _a630.71 E5
_bBC
_cUACH
_d-91247
_eUACH
_h27295
_i39955
_mD
_si
999 _c34866
_d34866